1319 1550 1074 1151 1132 1615 1186 1503 1982 1913 1422 1379 1776 1275 1816 1819 1206 1907 1398 1058 1169 1659 1824 1735 1506 1181 1745 1441 1742 1366 1635 1691 1553 1121 1656 1483 1853 1181 1304 1481 1564 1739 1223 1829 1897 1522 1380 1372 1812 1886 1673 1293 1511 1201 1390 1626 1345 1261 1544 1534 1286 1972 1269 1599 1837 1548 1853 1035 1315 1178 1920 1658 1167 1834 1010 1152 1423 1963 1468 1772 1046 1815 1160 1263 1087 1180 1245 1272 1758 1124 1474 1065 1401 1589 1591 1173 1681 1537 1839 BCNSPRNW ULIB Ver.6.0+V

เปลี่ยนเป็นภาษาไทย

Change to English
 แสดงรายละเอียดบรรณานุกรม
  กลับหน้าหลัก

Brief Record : Get Marc (ISO 2709) : E-mail record : QR code < ปิดหน้าต่าง
LEADER : 00000nam 2200000uu 4500
001    13399123973
003     ULIB
008    141217s2556||||th 000 0 tha d
020    ^a9786165154000
060 04 ^aWH600^bห177ถ
100 0  ^aหมอไพร
245 10 ^aถนอมม้าม ยับยั้งสารพัดโรค /^cหมอไพร
250    ^aพิมพ์ครั้งที่ 1
260    ^aกรุงเทพฯ :^bเนชั่น อินเตอร์เนชั่นแนล เอ็ดดูเทนเมนท์,^c2556
300    ^a193 หน้า :^bภาพประกอบ ;^c21 ซม.
505 0  ^a^tรู้จักกระเพาะและม้าม - -^tสาเหตุที่ทำให้กระเพาะม้ามเกิดโรค - -^tม้ามเสื่อมก่อโรค - -^tประตูทวารของม้ามคือปาก - -^tโรคที่เกิดจากกระเพาะอาหาร - -^tแนวทางในการรักษาและสมุนไพรช่วยรักษาโรคกระเพาะม้าม
650  4 ^aการแพทย์แผนโบราณ^zจีน
650  4 ^aม้าม^xการดูแลและสุขวิทยา
650  4 ^aม้าม^xโรค^xการรักษา
700 0  ^aจิราวรรณ นันทพงศ์,^eบรรณาธิการ
945    ^p175^l0^i037367
945    ^p175^l0^i037368
945    ^p175^l0^i037369
999    ^aเกษร โพธิ์สุวรรณ
รายการนี้ยังไม่มีแท็ก
คุณยังไม่ได้ล็อกอิน คุณสามารถมีกิจกรรมร่วมกับเว็บไซต์ได้ แต่ต้องล็อกอินก่อน ::
  ล็อกอิน

รายการสื่อสารสนเทศ

ลำดับที่ ประเภท เลขเรียก/บาร์โค้ด สถานที่ สถานะ
1. วิทยาศาสตร์การแพทย์ และสุขภาพ
หนังสือสำรอง
สถานะ=หนังสือสำรอง
WH600 ห177ถ ฉ.1 
  Barcode: 037367
ห้องสมุดวิทยาเขตสวรรค์ประชารักษ์
►ส่วนจัดเก็บหนังสือเก่า สปร
บนชั้น
  ขอยืม
2. วิทยาศาสตร์การแพทย์ และสุขภาพ
วิทยาศาสตร์การแพทย์ และสุขภาพ
WH600 ห177ถ ฉ.2 
  Barcode: 037368
ห้องสมุดวิทยาเขตสวรรค์ประชารักษ์
►ส่วนจัดเก็บหนังสือเก่า สปร
บนชั้น
  ขอยืม
3. วิทยาศาสตร์การแพทย์ และสุขภาพ
วิทยาศาสตร์การแพทย์ และสุขภาพ
WH600 ห177ถ ฉ.3 
  Barcode: 037369
ห้องสมุดวิทยาเขตสวรรค์ประชารักษ์
►หนังสือทั่วไป
บนชั้น

รายการใกล้เคียง
    ผู้แต่ง [หมอไพร]

BibComment


ยังไม่เคยถูกคอมเมนท์

คอมเมนท์ทรัพยากรรายการนี้
  คอมเมนท์: ถนอมม้าม ยับยั้ง..


 Copyright 2026. Bcnsprnw @Library